00958nam a2200193 i 4500001000700000003000900007005001700016008004100033245028200074260005300356300005400409490005000463504003200513600004200545650003600587651007000623830005000693852002100743187765ES-MaACL20251013235103.0180215s1932 xxu |||| | eng d00aForgotten frontiers b: a study of the Spanish Indian policy of Don Juan Bautista de Anza, governor of New Mexico, 1777-1787; from the original documents in the archives of Spain, Mexico and New Mexico / ctranslated into English, edited and annotated by Alfred Barnaby Thomas. aNorman : bUniversity of Oklahoma press, c1932. aXVII, 420 p.,4 map. (3 pleg.), facsim. ; c24 cm.1 aThe Civilization of the American Indian ; v1 aBibliografía: p. 389-402.17aAnza, Juan Bautista de, d1735-17882 7aIndios de Estados Unidos2embne 7aNuevo México (Estados Unidos, Estado)-xHistoria-yHasta 184820 aThe Civilization of the American Indian ; v1 aES-MaACLjA-1759